000 01314nam a2200349 c 4500
999 _c160408
_d160408
003 BLK
005 20250127093554.0
008 180410b bul|||||r ||||||| ||bul||
010 _aKNG00167617000
040 _aBLK
041 _aBUL
_cBUL
080 _aСоциална география. Икономическа география. География на туризма
_b338:91
_x(497.2)
_z338:91(497.2)
100 1 _aГригоров, Милко
_eпърви автор
_9381649
139 _aГригоров, Милко
_bГ 82
245 1 0 _aНашите големи социалистически строежи
_cМилко Григоров.
257 _aBGR
260 _bНС на ОФ
_c1954
_9210463
_aСофия
300 _a96 с.
_c20 см
380 _a3
650 7 _aИкономическа география - България
_2
_9156891
650 4 _aСтроителство - България
_9318782
651 4 _aБългария
_9241624
653 _aрегионална икономика
653 _aстроителство
852 _aЦб 3.200.41036
_bЦб
856 4 _qpdf
856 4 _qpdf
942 _cKNG
_n0
_s1
944 _aCR
_c28.09.2016
_k30560
_lГеновева Генчева
944 _aED
_c28.09.2016
_kПравда_Бадева
999 _d160408